| 000 | 00567nam a2200229Ia 4500 | ||
|---|---|---|---|
| 003 | OSt | ||
| 005 | 20221005124715.0 | ||
| 006 | a|||||r|||| 00| 0 | ||
| 007 | ta | ||
| 008 | 221004b |||||||| |||| 00| 0 urd d | ||
| 024 | _a13174 | ||
| 037 | _cTextual | ||
| 040 |
_aCRL _cCRL _burd |
||
| 041 |
_2urd _aurd |
||
| 082 | _aO168,1N46x, L6 | ||
| 100 |
_aRiyazat Ali Shaiq _9635675 |
||
| 245 | 0 | _aNaya Sawera | |
| 260 | _c1976 | ||
| 650 | _aURDU POETRY | ||
| 942 |
_hO168,1N46x, L6 _cTEXL _2cc |
||
| 999 |
_c1051380 _d1051380 |
||